000 01279cam a22003497a 4500
003 CHAP
005 20250903062745.0
008 971013s1978 r 00010 d
010 _a58241
011 _a59213
035 _a63371
040 _cCHAP
090 _aTesis
100 0 0 _aPrieto de la Fuente, José Eduardo.
_991611
245 0 _aPruebas de digestibilidad de materia seca in-vitro para semillas de sorgo grano (Sorghum vulgare Pers.) y sorgo escobero (Sorghum vulgare var. Technicum) secos, macerados y germinados
260 _a(Monterrey, N. L.) :
_bEl autor,
_c1978
300 _a38 h.
502 _aTesis (Ing. Agr. Zootecnista) -- ITESM. Div. de Ciencias Agropecuarias y Marítimas
590 _aALEPH
_b10
_c20130110
_lUCH01
_h1336
590 _aBATCH-UPD
_b10
_c20130110
_lUCH01
_h0521
590 _aBATCH-UPD
_b10
_c20130110
_lUCH01
_h2304
590 _aBATCH-UPD
_b10
_c20130410
_lUCH01
_h0200
590 _aBATCH-UPD
_b10
_c20130914
_lUCH01
_h1431
590 _aCONVERSION
_b10
_c20130109
_lUCH01
_h1331
650 1 7 _aForrajes
_xDigestibilidad
_2
_942568
650 1 4 _aSorgo como forraje.
_9108743
650 1 4 _aSorgo escobero.
_9108746
650 1 4 _aSorgo
_xGerminados.
_9108675
901 _aBK
942 _cTESIS
949 _bBC
_cTES
_d-136080
_eTS1
_i63371
_si
999 _c58241
_d58241